| 000 | 00747nam a22002057a 4500 | ||
|---|---|---|---|
| 003 | OSt | ||
| 005 | 20251203103008.0 | ||
| 008 | 251203b |||||||| |||| 00| 0 eng d | ||
| 020 | _a978-971-92137-8-9. | ||
| 040 |
_aDWCL-Main lib _cOC |
||
| 082 |
_2Revised ed. _aRes. 647.94 R643o 2007 |
||
| 100 | _aAmelia S. Roldan | ||
| 245 |
_aOperating and managing a hotel and restaurant business Rev. ed. _cAmelia S. Roldan |
||
| 260 |
_aManila : _bSkills Development & Management Services, _cc2007. |
||
| 300 |
_aviii, 308 pages : _billustration ; _c25 cm. |
||
| 504 | _aIncludes bibliographical references and index. | ||
| 650 | _21. Hotels and motels-Management. | ||
| 650 | _22. Restaurants-Management. | ||
| 942 |
_2ddc _cBK-0 CIRC _eRevised ed. _kRes. _n0 |
||
| 999 |
_c6743 _d6743 |
||